| 000 | 006530000a22002170004500 | ||
|---|---|---|---|
| 003 | LK-CoMWRAF | ||
| 005 | 20230828121012.0 | ||
| 008 | 230817t2003 ||||| |||| 00| 0 eng d | ||
| 020 | _a1842000284 | ||
| 040 |
_aLK-CoMWRAF _dLK-CoMWRAF _eLK-CoMWRAF |
||
| 041 | _aeng | ||
| 082 |
_a340.59 _bDIH |
||
| 100 | _aAl-Dihlawi, Shah Wali Allah | ||
| 242 | _aal-Inṣāf fī bayān asbāb al-ikhtilāf | ||
| 245 | _aA rational explanation of Difference of Opinion in Fiqh | ||
| 260 |
_aLondon: _bTa-Ha, _c2003 |
||
| 300 | _a112 p. ; 21 cm | ||
| 650 | _aISLAMIC LAW-Interpretation and construction | ||
| 700 |
_aWahhab, Muhammad Abdul _etrans. |
||
| 942 | _cBK | ||
| 999 |
_c690 _d690 |
||